| 000 | 00396nam a22001457a 4500 | ||
|---|---|---|---|
| 999 |
_c4760 _d4760 |
||
| 008 | 200828b ||||| |||| 00| 0 eng d | ||
| 082 | 0 | 0 |
_a515.3 _bN2186 |
| 100 |
_93786 _aNarayan, Shanti |
||
| 245 | 1 | 0 |
_aDifferential calculus / _cby Shanti Narayan |
| 250 | _a13th ed. | ||
| 260 |
_aNew Delhi: _bShyam Lal Charitable Trust, _c1994. |
||
| 300 | _axi, 336 p. | ||
| 650 | 0 | _aMathematics | |
| 942 | _cBK | ||